Pokemon with Mega Evolutions - Statistics

General Stats
  • This quiz has been taken 91 times
  • The average score is 39 of 48
Answer Stats
Type of Mega Mega Pokemon % Correct
Fire/Dragon Mega Charizard X
99%
Fire/Flying Mega Charizard Y
99%
Water Mega Blastoise
97%
Ghost/Poison Mega Gengar
95%
Grass/Poison Mega Venusaur
95%
Bug/Poison Mega Beedrill
92%
Normal/Flying Mega Pidgeot
91%
Grass/Dragon Mega Sceptile
91%
Psychic Mega Alakazam
89%
Fire/Fighting Mega Blaziken
89%
Psychic/Fighting Mega Mewtwo X
89%
Psychic Mega Mewtwo Y
89%
Steel/Ground Mega Steelix
89%
Water/Dark Mega Gyarados
88%
Bug/Fighting Mega Heracross
86%
Water/Ground Mega Swampert
86%
Rock/Flying Mega Aerodactyl
85%
Steel Mega Aggron
82%
Rock/Fairy Mega Diancie
82%
Steel/Psychic Mega Metagross
82%
Bug/Flying Mega Pinsir
82%
Rock/Dark Mega Tyranitar
82%
Dragon/Fairy Mega Altaria
81%
Dragon/Ground Mega Garchomp
80%
Dragon/Flying Mega Rayquaza
80%
Bug/Steel Mega Scizor
80%
Electric/Dragon Mega Ampharos
78%
Normal/Fairy Mega Audino
78%
Fire/Dark Mega Houndoom
78%
Fairy/Steel Mega Mawile
78%
Psychic/Fighting Mega Medicham
78%
Fire/Ground Mega Camerupt
77%
Psychic/Fairy Mega Gardevoir
77%
Dragon/Psychic Mega Latias
77%
Dragon/Psychic Mega Latios
77%
Fighting/Steel Mega Lucario
77%
Water/Psychic Mega Slowbro
77%
Psychic/Fighting Mega Gallade
76%
Ice Mega Glalie
76%
Normal Mega Kangaskhan
76%
Electric Mega Manectric
76%
Ice/Grass Mega Abomasnow
74%
Ghost Mega Banette
74%
Ghost/Dark Mega Sableye
74%
Dragon/Flying Mega Salamence
74%
Water/Dark Mega Sharpedo
74%
Normal/Fighting Mega Lopunny
69%
Dark Mega Absol
68%
No matching quizzes found
Score Distribution
Percent of People with Each Score
Percentile by Number Answered
Your Score History
You have not taken this quiz